000
00225 a2200097 4500
001
38428
100
_a
Allen B.W
245
_a
Analogue electronics for High study
260
_a
G Br
_b
Macmillan
_c
1995
090
_c
24414
_d
24414
942
_a
NUST-CAE
_c
M
_c
16019
999
_c
273501
_d
273501